000 00582nam a2200205 i 4500
001 90990
003 ES-MaACL
005 20230906180618.0
007 t|
008 050126s1931 fr ||||1| fre d
100 1 _aLemonnier, Léon.
_971495
245 1 3 _aLa vie d'Oscar Wilde /
_cLéon Lemonnier.
260 _aParis :
_bNouvelle Revue Critique,
_c1931.
300 _a252 p. ;
_c19 cm.
490 1 _aEssais critiques ;
_v24
600 1 4 _aWilde, Oscar-
_xBiografías.
_9116825
830 0 _aEssais critiques ;
_v24
_9184179
852 _aES-MaACL
_jA-2720
999 _c90990
_d90990